000
00299nam a2200121 a 4500
001
4140
005
20140414131935.0
008
090218s19uu xx 00 eng d
050
_a
REF 771.3
_b
C63 1996
100
_a
Codrington, Tessa
245
_a
First steps in taking photographs.
999
_c
112433
_d
112433